Choosing data storage technologies (Record no. 70198)
[ view plain ]
| 000 -LEADER | |
|---|---|
| fixed length control field | 01029cam a2200193 4500 |
| 001 - CONTROL NUMBER | |
| control field | ABS65382 |
| 008 - FIXED-LENGTH DATA ELEMENTS--GENERAL INFORMATION | |
| fixed length control field | 020508n2002 000 0 eng u |
| 035 ## - SYSTEM CONTROL NUMBER | |
| System control number | (Sirsi) u117875 |
| 100 ## - MAIN ENTRY--PERSONAL NAME | |
| Personal name | Jones, S |
| 245 ## - TITLE STATEMENT | |
| Title | Choosing data storage technologies |
| 260 ## - PUBLICATION, DISTRIBUTION, ETC. | |
| Date of publication, distribution, etc. | 2002 |
| 490 ## - SERIES STATEMENT | |
| Series statement | Facilities Management |
| Volume/sequential designation | 9(7) April 2002, 18-19(2) |
| 520 ## - SUMMARY, ETC. | |
| Summary, etc. | Review of data storage technologies. Recommends facilities managers stay closely involved with installation of new data storage technology, as if a building does not have cable infrastructure to support new technology, such as fibre channels, it will generally be inexpensive to wire up direct connections between devices to create a Storage Area Network(SAN). Each specific solution must be designed and implemented for each single infrastructure. More information available from Fibre Channel Industry Association at http://www.fibrechannel-europe.com |
| 590 ## - LOCAL NOTE (RLIN) | |
| Local note | ABS |
| 650 ## - SUBJECT ADDED ENTRY--TOPICAL TERM | |
| Topical term or geographic name entry element | IT |
| 650 ## - SUBJECT ADDED ENTRY--TOPICAL TERM | |
| Topical term or geographic name entry element | DATA STORAGE |
| 690 ## - LOCAL SUBJECT ADDED ENTRY--TOPICAL TERM (OCLC, RLIN) | |
| Topical term or geographic name as entry element | MANAGEMENT-FACILITIES MANAGEMENT |
| 942 ## - ADDED ENTRY ELEMENTS (KOHA) | |
| Suppress in OPAC | 0 |
| Withdrawn status | Lost status | Source of classification or shelving scheme | Damaged status | Not for loan | Home library | Current library | Shelving location | Date acquired | Total Checkouts | Full call number | Barcode | Date last seen | Copy number | Price effective from | Koha item type |
|---|---|---|---|---|---|---|---|---|---|---|---|---|---|---|---|
| Dewey Decimal Classification | London | London | Journal article | 08/05/2002 | ABS65382 | 117875-1001 | 06/08/2019 | 1 | 06/08/2019 | Journal article |